000 00659nam a2200241Ia 4500
003 OSt
005 20230428115141.0
008 210423s2012 xx 000 0 und d
020 _a9780415994774
040 _cAL
041 _aeng
082 _a305.4201
_223
_b MCCC
100 _aMCCANN (Carole R);KIM (Seung Kyung)
_994731
245 _aFeminist theory reader:local and global perspectives
250 _a2
260 _bRoutledge
_c2012
300 _axii,562
_bPB
365 _b1250
_cINR
650 _aSociology
_994732
650 _aWomen Studies
_994733
906 _aFeminist ; global ; perspectives ; reader:local ; theory
942 _2ddc
_cBK
999 _c161274
_d161274